The silent cry

Uloženo v:
Podrobná bibliografie
Hlavní autor: Oe, Kenzaburo (Autor)
Médium: Kniha
Jazyk:angličtina
Vydáno: Nueva York Kodansha International 1974
Témata:
Tagy: Přidat tag
Žádné tagy, Buďte první, kdo vytvoří štítek k tomuto záznamu!

MARC

LEADER 00000nam a2200000 a 4500
001 UCS8970
003 CL-VaPUC
008 971113e19740000US |||||||||||||||||eng|d
082 0 4 |a 895.63  |b OEK  |2 21 
100 |a Oe, Kenzaburo  |e author  |9 393743 
245 1 4 |a The silent cry 
300 |a 274 p 
942 |c BK 
945 |d 19971113 00:00:00  |a jquezada 
260 |a Nueva York  |b Kodansha International  |c 1974 
650 0 |a Literatura japonesa  |9 266543 
650 7 |a NOVELAS JAPONESAS  |2 CL-VaPUC  |9 393744 
583 |a last modification  |c 19971113 00:00:00  |k Rodrigo Vera 
999 |c 263052  |d 263050 
952 |0 0  |1 0  |4 0  |6 895_630000000000000_OEK_1974  |7 0  |8 A  |9 292134  |a BIBGIM  |b BIBGIM  |d 2019-11-19  |i 336450K  |o 895.63 OEK 1974  |p 336450K  |r 2025-01-15  |w 2019-11-19  |y BK  |k ORI